000 00277nam a2200109Ia 4500
008 230320s9999||||xx |||||||||||||| ||spa||
082 _a842.9/S31
100 _aSchehade, Georges ; Adamov, Arthur
245 0 _aTeatro Frances De Vanguardia
260 _bAGUILAR
942 _80
_cLIB
999 _c30140
_d30140